[Event "Petrovskaya Ladya op"]
[Site "Peterhof"]
[Date "2007.01.09"]
[Round "7"]
[White "Gantsevich, Aleksei"]
[Black "Sudarev, Oleg"]
[Result "1/2-1/2"]
[WhiteElo "1990"]
[BlackElo "2011"]
[PlyCount "34"]
[EventDate "2007.01.03"]
[EventType "swiss"]
[EventRounds "9"]
[EventCountry "RUS"]
[SourceTitle "CBM 116 Extra"]
[Source "ChessBase"]
[SourceDate "2007.03.07"]
[SourceVersion "1"]
[SourceVersionDate "2007.03.07"]
[SourceQuality "1"]

1. e4 e6 2. Qe2 Be7 3. d3 d5 4. f4 Nf6 5. Nf3 c5 6. Nbd2 Nc6 7. g3 0-0 8. Bg2 Qc7 9. 0-0 b6 10. c4 dxe4 11. dxe4 Rd8 12. e5 Ne8 13. Ne4 Bb7 14. Nc3 a6 15. Be3 g6 16. Rad1 Rxd1 17. Rxd1 Rd8 1/2-1/2

[Event "Petrovskaya Ladya op"]
[Site "Peterhof"]
[Date "2007.01.08"]
[Round "6"]
[White "Sudarev, Oleg"]
[Black "Donskov, Anatoly"]
[Result "1/2-1/2"]
[WhiteElo "2011"]
[BlackElo "2060"]
[PlyCount "69"]
[EventDate "2007.01.03"]
[EventType "swiss"]
[EventRounds "9"]
[EventCountry "RUS"]
[SourceTitle "CBM 116 Extra"]
[Source "ChessBase"]
[SourceDate "2007.03.07"]
[SourceVersion "1"]
[SourceVersionDate "2007.03.07"]
[SourceQuality "1"]

1. e4 e6 2. d4 d5 3. Nc3 Bb4 4. e5 c5 5. a3 Bxc3+ 6. bxc3 Ne7 7. f4 Qc7 8. Nf3 Nbc6 9. Be2 Bd7 10. 0-0 c4 11. a4 f6 12. Ba3 0-0-0 13. Qd2 h5 14. Rfb1 Nf5 15. Qc1 Rdg8 16. Qb2 Nd8 17. a5 Bc6 18. Bc5 a6 19. Qb4 Nf7 20. Re1 g5 21. fxg5 fxe5 22. Nxe5 Nxe5 23. dxe5 Rxg5 24. Bf1 Qg7 25. Re2 h4 26. Rd1 Ng3 27. Rf2 Nxf1 28. Rdxf1 d4 29. Rf8+ Rxf8 30. Rxf8+ Kd7 31. Bxd4 Rxg2+ 32. Kf1 Qe7 33. Qxe7+ Kxe7 34. Bc5+ Kd7 35. Rf7+ 1/2-1/2